Chemical engineering kinetics (Record no. 6589)

000 -LEADER
fixed length control field 00510nam a2200193 4500
001 - CONTROL NUMBER
control field 6589
003 - CONTROL NUMBER IDENTIFIER
control field BD-DhUET
008 - FIXED-LENGTH DATA ELEMENTS--GENERAL INFORMATION
fixed length control field 700825s1970 nyua b 001 0 eng
040 ## - CATALOGING SOURCE
Transcribing agency 0
Modifying agency BD-DhUET
Original cataloging agency DLC
082 00 - DEWEY DECIMAL CLASSIFICATION NUMBER
Classification number 541.39
Item number SMI/1970
100 ## - MAIN ENTRY--PERSONAL NAME
Personal name Smith, J. M.
245 10 - TITLE STATEMENT
Title Chemical engineering kinetics
250 ## - EDITION STATEMENT
Edition statement 2nd ed.
260 ## - PUBLICATION, DISTRIBUTION, ETC. (IMPRINT)
Place of publication, distribution, etc. New York
Name of publisher, distributor, etc. McGraw-Hill
Date of publication, distribution, etc. 1970
300 ## - PHYSICAL DESCRIPTION
Extent xviii, 612p.
Other physical details ill.
490 0# - SERIES STATEMENT
Series statement McGraw-Hill chemical engineering series
650 #0 - SUBJECT ADDED ENTRY--TOPICAL TERM
Topical term or geographic name as entry element Kinetics : Physical chemistry
942 ## - ADDED ENTRY ELEMENTS (KOHA)
Koha item type General Book
Holdings
Copy number Not for loan Date acquired Source of classification or shelving scheme Price effective from Koha full call number Lost status Shelving location Koha item type Koha date last seen Koha normalized classification for sorting Withdrawn status Damaged status Location (home branch) Sublocation or collection (holding branch) Piece designation (barcode)
1 2014-12-04 2014-12-04541.39/SMI/1970 Circulation sectionGeneral Book2014-12-04541_390000000000000_SMI_1970  Central Library, BUETCentral Library, BUET84576
2 2014-12-12 2014-12-12541.39/SMI/1970 Circulation sectionGeneral Book2014-12-12541_390000000000000_SMI_1970  Central Library, BUETCentral Library, BUET29865
3 2014-12-12 2014-12-12541.39/SMI/1970 Circulation sectionGeneral Book2014-12-12541_390000000000000_SMI_1970  Central Library, BUETCentral Library, BUET29867
4 2014-12-12 2014-12-12541.39/SMI/1970 Circulation sectionGeneral Book2014-12-12541_390000000000000_SMI_1970  Central Library, BUETCentral Library, BUET29863
5 2015-03-11 2015-03-11541.39/SMI/1970 Circulation sectionGeneral Book2015-03-11541_390000000000000_SMI_1970  Central Library, BUETCentral Library, BUET29871
6 2015-03-14 2015-03-14541.39/SMI/1970 Circulation sectionGeneral Book2015-03-14541_390000000000000_SMI_1970  Central Library, BUETCentral Library, BUET29868
7 2015-03-14 2015-03-14541.39/SMI/1970 Circulation sectionGeneral Book2015-03-14541_390000000000000_SMI_1970  Central Library, BUETCentral Library, BUET37045
8 2015-04-23 2015-04-23541.39/SMI/1970 Circulation sectionGeneral Book2015-04-23541_390000000000000_SMI_1970  Central Library, BUETCentral Library, BUET29869
9 2015-04-23 2015-04-23541.39/SMI/1970 Circulation sectionGeneral Book2015-04-23541_390000000000000_SMI_1970  Central Library, BUETCentral Library, BUET29859
10 2015-04-26 2015-04-26541.39/SMI/1970 Circulation sectionGeneral Book2015-04-26541_390000000000000_SMI_1970  Central Library, BUETCentral Library, BUET29870
11 2015-04-26 2015-04-26541.39/SMI/1970 Circulation sectionGeneral Book2015-04-26541_390000000000000_SMI_1970  Central Library, BUETCentral Library, BUET29861
12 2015-04-27 2015-04-27541.39/SMI/1970 Circulation sectionGeneral Book2015-04-27541_390000000000000_SMI_1970  Central Library, BUETCentral Library, BUET25967
13 2015-04-27 2015-04-27541.39/SMI/1970 Circulation sectionGeneral Book2015-04-27541_390000000000000_SMI_1970  Central Library, BUETCentral Library, BUET29860
14 2015-06-08 2015-06-08541.39/SMI/1970 Reading sectionReading Item2015-06-08541_390000000000000_SMI_1970  Central Library, BUETCentral Library, BUET29862
15 2015-06-08 2015-06-08541.39/SMI/1970 Reading sectionReading Item2015-06-08541_390000000000000_SMI_1970  Central Library, BUETCentral Library, BUET29866
16 2015-06-08 2015-06-08541.39/SMI/1970 Reading sectionReading Item2015-06-08541_390000000000000_SMI_1970  Central Library, BUETCentral Library, BUET29872
17 2015-06-08 2015-06-08541.39/SMI/1970 Reading sectionReading Item2015-06-08541_390000000000000_SMI_1970  Central Library, BUETCentral Library, BUET29864